000 00870nam a2200265Ia 4500
003 OSt
005 20220918171032.0
006 a|||||r|||| 00| 0
007 ta
008 220917b |||||||| |||| 00| 0 eng d
020 _a9781138087590 (hbk)
_cUKP 115.00
024 _a348,072
037 _b8517, 15/01/2019, Efficient Book Distributors
_cTextual
040 _aARTS
_cARTS
_beng
041 _2eng
_aeng
082 _aV45:19(zP), Q9
100 _aFulton Jonathan Ed.
_933390
245 0 _aExternal powers and the gulf monarchies
260 _aLondon
_bRoutledge UK
_c2019
300 _axii,200p.
_ccm.
650 _aINTERPERSONAL RELATIONS
_933391
700 _a Sim Li-Chen Ed.
_933392
942 _hV45:19(zP), Q9
_cTEXL
_2CC
999 _c137442
_d137442